[Event "BC Masters"]
[Site "Bois Colombes FRA"]
[Date "2003.12.21"]
[Round "1"]
[White "Okhotnik,V"]
[Black "Afek,Y"]
[Result "1/2-1/2"]
[WhiteElo "2454"]
[BlackElo "2376"]
[EventDate "2003.12.21"]

1. e4 c5 2. g3 d5 3. exd5 Nf6 4. Bg2 Nxd5 5. Nc3 Nxc3 6. bxc3 Nc6 7. Ne2 e5
8. O-O Be7 9. d4 cxd4 10. cxd4 exd4 11. Bb2 Bf6 12. Bxc6+ bxc6 13. Bxd4 O-O
14. Bxf6 Qxf6 15. Qd4 Qf3 16. Qe3 Qxe3 17. fxe3 Ba6 18. Kf2 Rab8 19. Rab1
g6 20. Rfd1 Rxb1 21. Rxb1 Rd8 22. Nd4 c5 23. Nf3 Bc4 24. a3 Kg7 25. e4 Rd6
26. Re1 Ba6 27. Rb1 Rb6 28. Rxb6 axb6 29. Ne5 Bb5 30. Ng4 Bc6 31. e5 Kf8
32. Nf6 Ke7 33. Nxh7 Ke6 34. Ng5+ Kxe5 35. Nxf7+ Kd4 36. Ke2 Kc3 37. Ne5
Be8 38. Kd1 Ba4 39. Kc1 Bxc2 40. Nd7 Bf5 41. Nxb6 Kb3 42. a4 Kb4 43. Kd2
Be6 44. Na8 c4 45. Nc7 c3+ 46. Kc1 Bb3 47. h4 Kxa4 48. Ne8 Kb4 49. g4 Kc5
50. h5 gxh5 51. gxh5 Bf7 52. h6 Bg6 1/2-1/2

[Event "BC Masters"]
[Site "Bois Colombes FRA"]
[Date "2003.12.21"]
[Round "1"]
[White "Todorov,T"]
[Black "Bernard,V"]
[Result "1/2-1/2"]
[WhiteElo "2472"]
[BlackElo "2278"]
[EventDate "2003.12.21"]

1. e4 c5 2. Nf3 Nc6 3. Bb5 g6 4. Bxc6 dxc6 5. h3 Bg7 6. d3 Nf6 7. Nc3 O-O
8. Be3 b6 9. Qd2 Ne8 10. Bh6 Nc7 11. h4 Bxh6 12. Qxh6 f6 13. Nd2 e5 14. Ne2
Ne6 15. O-O-O a5 16. f4 exf4 17. Nxf4 Nxf4 18. Qxf4 Be6 19. Kb1 a4 20. Nf3
Qe7 21. Rdf1 Rad8 22. Rf2 c4 23. d4 c3 24. a3 b5 25. Qe3 cxb2 26. Qc3 b4
27. axb4 Rb8 28. Qa3 Qxb4 29. Qxb4 Rxb4 30. c3 Rb3 31. Rxb2 Rxc3 32. Rc1
Rxc1+ 33. Kxc1 Bb3 34. Kd2 Ra8 35. Ne1 Kf7 36. Rb1 Ke7 37. Kc3 Kd6 38. Nd3
Bg8 39. Rf1 Ke7 40. Nb4 Rc8 41. Nd3 Rb8 42. Nb4 Rb6 43. Ra1 Bb3 44. Nd3 h5
45. Nc5 g5 46. Nxa4 Bxa4 47. Rxa4 Rb1 48. Ra7+ Ke6 49. Ra6 Kd7 50. hxg5
fxg5 51. Ra5 g4 52. Rxh5 Rg1 53. Kd3 Rxg2 54. Ke3 Ra2 55. Rg5 Ra3+ 56. Kf4
Ra4 57. Rxg4 Rxd4 58. Ke5 Rd1 59. Rg7+ Kd8 60. Ke6 c5 61. e5 c4 62. Rg8+
Kc7 63. Rg4 Rc1 64. Ke7 Kc6 65. e6 Kd5 66. Rg5+ Kd4 67. Rg4+ Kd5 68. Kd7
Re1 69. e7 Rxe7+ 70. Kxe7 c3 1/2-1/2

[Event "BC Masters"]
[Site "Bois Colombes FRA"]
[Date "2003.12.21"]
[Round "1"]
[White "Shoker,S"]
[Black "Rainfray,A"]
[Result "0-1"]
[WhiteElo "2273"]
[BlackElo "2409"]
[EventDate "2003.12.21"]

1. g3 d5 2. Bg2 Nf6 3. d3 c6 4. Nf3 Bg4 5. O-O Nbd7 6. Nbd2 e5 7. e4 Bd6 8.
Qe1 Bxf3 9. Nxf3 O-O 10. Nh4 Re8 11. Be3 Nc5 12. b4 Ne6 13. exd5 Nxd5 14.
Bd2 Nd4 15. Rc1 Nf4 16. Kh1 Nxg2 17. Kxg2 Be7 18. Nf3 Nxf3 19. Kxf3 Qd5+
20. Qe4 Qxa2 21. Rfe1 f5 22. Qc4+ Qxc4 23. dxc4 Bf6 24. Rb1 b6 25. Rb3 a5
26. bxa5 bxa5 27. Ke2 a4 28. Rb6 e4 29. c3 Rec8 30. Ra1 a3 31. c5 Ra5 32.
Rb3 Rca8 33. Be3 a2 34. Kd2 Kf7 35. Kc2 Ra3 36. Bc1 Rxb3 37. Kxb3 Rb8+ 38.
Kc2 Ra8 39. Kb3 Ke6 40. Be3 Be7 41. Kc4 Ra5 42. h3 g5 43. Kb3 Ke5 44. Bd4+
Kd5 45. Be3 Bxc5 46. Bxg5 Ra3+ 47. Kb2 Kc4 48. Bf6 Ra5 49. g4 fxg4 50. hxg4
Bxf2 51. g5 e3 52. Bd4 c5 0-1

[Event "BC Masters"]
[Site "Bois Colombes FRA"]
[Date "2003.12.21"]
[Round "1"]
[White "Janev,E"]
[Black "Marcelin,C"]
[Result "1-0"]
[WhiteElo "2423"]
[BlackElo "2473"]
[EventDate "2003.12.21"]

1. e4 e5 2. Nf3 Nc6 3. Bb5 Nf6 4. O-O Nxe4 5. d4 Nd6 6. Bxc6 dxc6 7. dxe5
Nf5 8. Qxd8+ Kxd8 9. Nc3 Be7 10. Rd1+ Ke8 11. b3 Nh4 12. Nxh4 Bxh4 13. Ne2
Bf5 14. Nd4 Rd8 15. Be3 Bg6 16. f4 Be4 17. Bf2 Bxf2+ 18. Kxf2 c5 19. Nb5
Bxc2 20. Rxd8+ Kxd8 21. Rc1 a6 22. Nxc7 Kxc7 23. Rxc2 b6 24. Rd2 h5 25. Ke3
Rh6 26. f5 Rc6 27. Rc2 b5 28. Ke4 Kb6 29. Kd5 g6 30. fxg6 Rxg6 31. Rf2 Rc6
32. Rxf7 c4 33. e6 c3 34. e7 Rc5+ 35. Kd6 Rc6+ 36. Kd7 c2 37. Rf1 1-0

[Event "BC Masters"]
[Site "Bois Colombes FRA"]
[Date "2003.12.21"]
[Round "1"]
[White "Wirig,A"]
[Black "Apicella,M"]
[Result "0-1"]
[WhiteElo "2424"]
[BlackElo "2542"]
[EventDate "2003.12.21"]

1. e4 e6 2. d4 d5 3. Nc3 Bb4 4. e5 Ne7 5. a3 Bxc3+ 6. bxc3 c5 7. Qg4 O-O 8.
Bd3 f5 9. Qh3 Qa5 10. Bd2 Qa4 11. Nf3 Nbc6 12. O-O cxd4 13. cxd4 Nxd4 14.
Bb4 Nxf3+ 15. Qxf3 Rf7 16. Rab1 Ng6 17. Bd6 Qf4 18. Qg3 b6 19. Rb4 Qxg3 20.
fxg3 Bd7 21. Ba6 Ne7 22. g4 fxg4 23. Rxf7 Kxf7 24. Rf4+ Nf5 25. Bb7 Re8 26.
c4 dxc4 27. Rxc4 Nxd6 28. exd6 Kf6 29. Rxg4 e5 30. Rg3 e4 31. Kf2 e3+ 32.
Rxe3 Rxe3 33. Kxe3 Ke5 34. Be4 h6 35. g3 a5 36. Bf3 b5 37. Kd3 Kxd6 38. Kd4
Be6 39. Be2 b4 40. axb4 axb4 41. Bb5 b3 42. Bd3 Ke7 43. Kc3 Kf6 44. Be4 Ke5
45. Bg2 Bf7 46. h4 Be6 47. Bc6 Bd5 48. Bd7 Ke4 49. Bg4 Ke3 50. Bf5 h5 51.
g4 Kf4 0-1

[Event "BC Masters"]
[Site "Bois Colombes FRA"]
[Date "2003.12.22"]
[Round "2"]
[White "Afek,Y"]
[Black "Apicella,M"]
[Result "1-0"]
[WhiteElo "2376"]
[BlackElo "2542"]
[EventDate "2003.12.21"]

1. e4 e6 2. d4 d5 3. Nd2 Nf6 4. e5 Nfd7 5. Bd3 c5 6. c3 Nc6 7. Ne2 cxd4 8.
cxd4 f6 9. exf6 Nxf6 10. Nf3 Bd6 11. O-O O-O 12. Bf4 Bxf4 13. Nxf4 Ne4 14.
Ne2 Ng5 15. Ne5 Nxe5 16. dxe5 Nf7 17. f4 Bd7 18. Qc2 h6 19. Rf3 Qb6+ 20.
Kh1 Rac8 21. Qd2 Bb5 22. Bxb5 Qxb5 23. Nd4 Qd7 24. Re1 Rce8 25. Rg3 Nd8 26.
f5 exf5 27. Qxh6 Nc6 28. Nf3 Nd8 29. Qh5 Nf7 30. Rh3 Nh6 31. Ng5 Rf6 32. e6
Re7 33. Rd3 Qd6 34. h3 f4 35. Rc1 Rc7 36. Rxc7 Qxc7 37. Qe8+ Rf8 38. Qg6
Rc8 39. Rxd5 f3 40. Qh7+ Kf8 41. Qh8+ Ng8 42. Rf5+ 1-0

[Event "BC Masters"]
[Site "Bois Colombes FRA"]
[Date "2003.12.22"]
[Round "2"]
[White "Marcelin,C"]
[Black "Wirig,A"]
[Result "1/2-1/2"]
[WhiteElo "2473"]
[BlackElo "2424"]
[EventDate "2003.12.21"]

1. d4 d5 2. c4 c6 3. Nc3 Nf6 4. e3 a6 5. Qc2 b5 6. b3 Bg4 7. Nge2 g6 8. f3
Bc8 9. Nf4 e6 10. Nd3 Be7 11. cxb5 cxb5 12. b4 O-O 13. a4 Nc6 14. axb5 Nxb4
15. Nxb4 Bxb4 16. bxa6 Qb6 17. Ba3 1/2-1/2

[Event "BC Masters"]
[Site "Bois Colombes FRA"]
[Date "2003.12.22"]
[Round "2"]
[White "Rainfray,A"]
[Black "Janev,E"]
[Result "0-1"]
[WhiteElo "2409"]
[BlackElo "2423"]
[EventDate "2003.12.21"]

1. e4 Nf6 2. e5 Nd5 3. d4 d6 4. c4 Nb6 5. exd6 exd6 6. Nc3 Be7 7. h3 O-O 8.
Nf3 Re8 9. Be2 Bf5 10. O-O Bf6 11. b3 Na6 12. Be3 c6 13. Qd2 h6 14. a4 Nd7
15. a5 Nf8 16. Ra4 Ne6 17. b4 Rc8 18. Rc1 d5 19. b5 Nac5 20. dxc5 d4 21. a6
bxa6 22. Nxd4 Nxd4 23. Rxa6 Nb3 24. Qb2 Nxc1 25. Qxc1 Bd4 26. bxc6 Bxe3 27.
fxe3 Qg5 28. Bf3 Rb8 29. c7 Rb3 30. Rc6 Rc8 31. Nd5 Rb1 32. Qxb1 Bxb1 33.
e4 Qe5 34. Bg4 Rxc7 35. Rxc7 Bxe4 36. Rc8+ Kh7 37. Ne3 f5 38. Bd1 Qd4 39.
Kf2 f4 0-1

[Event "BC Masters"]
[Site "Bois Colombes FRA"]
[Date "2003.12.22"]
[Round "2"]
[White "Bernard,V"]
[Black "Shoker,S"]
[Result "1/2-1/2"]
[WhiteElo "2278"]
[BlackElo "2273"]
[EventDate "2003.12.21"]

1. Nf3 g6 2. d4 Bg7 3. c4 d6 4. Nc3 Nf6 5. e4 O-O 6. Be2 e5 7. d5 a5 8. Be3
Na6 9. Nd2 Bd7 10. O-O h5 11. a3 Ng4 12. Bxg4 hxg4 13. f3 gxf3 14. Nxf3 f5
15. Bg5 Qe8 16. Qc2 a4 17. Nh4 f4 18. Nf3 Nc5 19. Nd2 Rf7 20. b4 axb3 21.
Nxb3 Ba4 22. Nxa4 Qxa4 23. Rf3 b5 24. Rc1 Qxa3 25. cxb5 Qb4 26. Nxc5 dxc5
27. Bh4 Ra4 28. Qxc5 Qxe4 29. d6 Bf8 30. Be7 cxd6 31. Bxd6 Bxd6 32. Qxd6
Qd4+ 33. Qxd4 Rxd4 34. Rb3 Rb7 35. b6 Rd6 36. Rc7 Rbxb6 37. Ra3 Rb1+ 38.
Kf2 Rbd1 39. Ra8+ Rd8 40. Raa7 R1d2+ 41. Kf1 Rd1+ 42. Kf2 R1d2+ 1/2-1/2

[Event "BC Masters"]
[Site "Bois Colombes FRA"]
[Date "2003.12.22"]
[Round "2"]
[White "Okhotnik,V"]
[Black "Todorov,T"]
[Result "0-1"]
[WhiteElo "2454"]
[BlackElo "2472"]
[EventDate "2003.12.21"]

1. e4 c5 2. g3 d5 3. exd5 Qxd5 4. Nf3 Bg4 5. Bg2 Qe6+ 6. Kf1 Nc6 7. h3 Bh5
8. d3 Qd7 9. Nbd2 f6 10. a4 e5 11. Kg1 Nge7 12. Kh2 Bf7 13. Qe2 Nb4 14. Nc4
Nec6 15. b3 Be7 16. Bb2 O-O 17. Rhe1 Rfe8 18. Bc3 Bf8 19. Nh4 g5 20. Nf3
Nd5 21. Bb2 Nd4 22. Qd1 Rad8 23. Ne3 b6 24. h4 h6 25. hxg5 hxg5 26. Nd2 Be7
27. Be4 Kg7 28. Bxd4 Rh8+ 29. Kg1 cxd4 30. Nf5+ Kf8 31. Nc4 Bb4 32. Rf1 Bg6
33. Qf3 Qh7 34. Rfe1 Qh2+ 35. Kf1 Qh3+ 36. Kg1 Bf7 37. Qh1 Qxh1+ 38. Bxh1
Nc3 39. Bf3 Be6 40. g4 Nd5 41. Red1 Rh3 42. Bg2 Rh7 43. Be4 Bxf5 44. Bxf5
Rh4 45. Kg2 Bc3 46. Rac1 Nf4+ 47. Kg1 Kg7 48. Rb1 Rdh8 49. Be4 Rxg4+ 50.
Kf1 Rgh4 51. Kg1 f5 52. Bf3 g4 53. Bg2 Rh2 0-1

[Event "BC Masters"]
[Site "Bois Colombes FRA"]
[Date "2003.12.23"]
[Round "3"]
[White "Todorov,T"]
[Black "Afek,Y"]
[Result "1-0"]
[WhiteElo "2472"]
[BlackElo "2376"]
[EventDate "2003.12.21"]

1. e4 c5 2. Nf3 Nf6 3. Nc3 Nc6 4. Bb5 Nd4 5. e5 Nxb5 6. Nxb5 Nd5 7. O-O a6
8. c4 Nb6 9. Nc3 Nxc4 10. d4 e6 11. dxc5 Bxc5 12. b3 Nb6 13. Ne4 Be7 14.
Nfg5 O-O 15. Qd3 g6 16. Qh3 h5 17. g4 Kg7 18. gxh5 Nd5 19. hxg6 Rh8 20. Qf3
f5 21. exf6+ Bxf6 22. Nf7 1-0

[Event "BC Masters"]
[Site "Bois Colombes FRA"]
[Date "2003.12.23"]
[Round "3"]
[White "Shoker,S"]
[Black "Okhotnik,V"]
[Result "1-0"]
[WhiteElo "2273"]
[BlackElo "2454"]
[EventDate "2003.12.21"]

1. c4 Nf6 2. Nc3 d5 3. g3 dxc4 4. Bg2 c6 5. a4 Na6 6. Nf3 Nc5 7. O-O g6 8.
d4 Nb3 9. Ra2 Nxc1 10. Qxc1 Bg7 11. Ne5 O-O 12. Rd1 Be6 13. a5 a6 14. Ra4
Qc7 15. Nb1 Rad8 16. Nxc4 Ne8 17. e3 h5 18. h4 Nd6 19. b3 Nf5 20. Qd2 c5
21. d5 Bxd5 22. Bxd5 e6 23. Nb6 exd5 24. Nxd5 Qd6 25. Nbc3 Nxg3 26. fxg3
Bxc3 27. Qg2 Bd4 28. Nc3 Bxe3+ 29. Kh2 Qe5 30. Nd5 Bd4 31. Nf4 Rd7 32. Ra2
Rfd8 33. Re2 Qf5 34. Rf1 Be5 35. Nh3 Qe6 36. Ng5 Qd6 37. Rf3 f6 38. Ne4 Qc6
39. Qf2 f5 40. Ng5 Bf6 41. Ne6 Re8 42. Nf4 Rxe2 43. Qxe2 Re7 44. Re3 Rxe3
45. Qxe3 Kf7 46. Qd3 Be5 47. Qc4+ Ke7 48. Nd5+ Kd6 49. Nb6 Qe4 50. Nc8+ Kc6
51. Ne7+ Kd7 52. Nxg6 Qxc4 53. Nxe5+ Ke6 54. Nxc4 Kd5 55. Kg2 Kd4 56. Nd6
Ke5 57. Nxb7 Kd5 58. Kf3 Kc6 59. Nxc5 Kxc5 60. Kf4 Kb4 61. Kxf5 Kxb3 62. g4
hxg4 63. Kxg4 Kb4 64. h5 Kxa5 65. h6 1-0

[Event "BC Masters"]
[Site "Bois Colombes FRA"]
[Date "2003.12.23"]
[Round "3"]
[White "Janev,E"]
[Black "Bernard,V"]
[Result "1-0"]
[WhiteElo "2423"]
[BlackElo "2278"]
[EventDate "2003.12.21"]

1. e4 e5 2. Nf3 Nc6 3. d4 exd4 4. Nxd4 Bc5 5. Be3 Qf6 6. c3 Nge7 7. Bc4 O-O
8. O-O Ne5 9. Be2 d6 10. f4 N5g6 11. Nd2 Nc6 12. N2b3 Bb6 13. Qd2 h6 14.
Rae1 Bd7 15. Bd3 Nxd4 16. cxd4 Rfe8 17. Kh1 Rad8 18. Qc2 Nf8 19. Rf3 Ba4
20. e5 dxe5 21. fxe5 Qc6 22. Qf2 Re7 23. Rg3 Ng6 24. Rc1 Qe8 25. Bc4 Bb5
26. Rxg6 Bxc4 27. Rg3 Bd3 28. Bxh6 Bg6 29. Bxg7 Kxg7 30. Qf6+ Kg8 31. Rh3
Bh7 32. Rcc3 Re6 33. Rcg3+ Kf8 34. Qg7+ Ke7 35. Qxh7 Kd7 36. Rf3 Kc8 37.
Qxf7 Rxe5 38. Nd2 Rxd4 39. Nf1 Rd1 40. Qf6 Rd8 41. b3 Kb8 42. Rh7 a6 43.
Rf7 Re6 44. Rf8 Rxf6 45. Rxe8 Rxe8 46. Rxf6 Bd4 47. Rf3 b5 48. g4 Re4 49.
g5 Rg4 50. Rg3 Rxg3 51. Nxg3 c5 52. Nf5 Be5 53. Kg2 a5 54. Kf3 c4 55. bxc4
b4 56. Ne7 Kc7 57. Ke4 Kd6 58. Nf5+ Ke6 59. Nd4+ Kd6 60. c5+ 1-0

[Event "BC Masters"]
[Site "Bois Colombes FRA"]
[Date "2003.12.23"]
[Round "3"]
[White "Apicella,M"]
[Black "Marcelin,C"]
[Result "1-0"]
[WhiteElo "2542"]
[BlackElo "2473"]
[EventDate "2003.12.21"]

1. e4 e5 2. Nf3 Nc6 3. Bb5 Nf6 4. O-O Nxe4 5. d4 Nd6 6. dxe5 Nxb5 7. a4
Nbd4 8. Nxd4 Nxd4 9. Qxd4 d5 10. Nc3 c6 11. a5 Bf5 12. f4 Qd7 13. Rf2 h5
14. Be3 Rh6 15. Rd1 Qe7 16. Qa4 O-O-O 17. Bxa7 Qb4 18. Bb6 Rd7 19. Qxb4
Bxb4 20. Na4 d4 21. Rxd4 Rxd4 22. Bxd4 Bxa5 23. Bb6 Be1 24. Re2 Bb4 25. c3
Be7 26. b4 g5 27. fxg5 Bxg5 28. Be3 Bxe3+ 29. Rxe3 Re6 30. Kf2 Kc7 31. Nc5
Re8 32. Nb3 Bg6 33. Nd4 b6 34. Ne2 Bf5 35. g3 Rh8 36. Rf3 Be6 37. Rf6 h4
38. Nd4 hxg3+ 39. hxg3 Kd7 40. Nxe6 fxe6 41. Rf7+ Kd8 42. g4 Rh3 43. g5 Ke8
44. g6 Rxc3 45. Rf6 Rc2+ 46. Kg3 Rc1 47. Kh2 Rc2+ 48. Kh3 Rc3+ 49. Kh4 1-0

[Event "BC Masters"]
[Site "Bois Colombes FRA"]
[Date "2003.12.24"]
[Round "4"]
[White "Afek,Y"]
[Black "Marcelin,C"]
[Result "1/2-1/2"]
[WhiteElo "2376"]
[BlackElo "2473"]
[EventDate "2003.12.21"]

1. e4 d5 2. exd5 Qxd5 3. d4 Nf6 4. c4 Qa5+ 5. Nc3 c6 6. Nf3 Bg4 7. Be2 Nbd7
8. h3 Bh5 9. O-O e6 10. Bf4 Be7 11. a3 O-O 12. b4 Qf5 13. Bh2 Ne4 14. Qc2
Nxc3 15. Qxc3 Bxf3 16. Qxf3 Qxf3 17. Bxf3 Bf6 18. Rad1 Nb6 19. d5 exd5 20.
cxd5 cxd5 21. Bxd5 Nxd5 22. Rxd5 Rfd8 23. Rfd1 Rxd5 24. Rxd5 Rd8 25. Rxd8+
Bxd8 26. Kf1 b5 27. Ke2 f5 28. Be5 Bb6 29. Kd3 Bxf2 30. Bd4 Bxd4 31. Kxd4
h5 32. Ke5 g6 33. Kf6 Kh7 34. h4 a6 35. g3 Kh6 36. Ke5 Kg7 37. Ke6 Kh7 38.
Kf6 1/2-1/2

[Event "BC Masters"]
[Site "Bois Colombes FRA"]
[Date "2003.12.24"]
[Round "4"]
[White "Rainfray,A"]
[Black "Apicella,M"]
[Result "0-1"]
[WhiteElo "2409"]
[BlackElo "2542"]
[EventDate "2003.12.21"]

1. e4 e6 2. d4 d5 3. Nc3 Bb4 4. Nge2 Nc6 5. a3 Ba5 6. Be3 Nge7 7. e5 Nf5 8.
Qd2 Nxe3 9. Qxe3 O-O 10. g3 f6 11. f4 fxe5 12. fxe5 Ne7 13. b4 Bb6 14. Na4
Nf5 15. Qd2 Bd7 16. Nxb6 axb6 17. c3 c5 18. Nf4 cxd4 19. cxd4 Qg5 20. Qf2
Qh6 21. Bg2 g5 22. Ne2 Nh4 23. Qg1 Nf3+ 24. Bxf3 Rxf3 25. Qg2 Raf8 26. Rc1
Bb5 27. Nc3 g4 0-1

[Event "BC Masters"]
[Site "Bois Colombes FRA"]
[Date "2003.12.24"]
[Round "4"]
[White "Bernard,V"]
[Black "Wirig,A"]
[Result "1/2-1/2"]
[WhiteElo "2278"]
[BlackElo "2424"]
[EventDate "2003.12.21"]

1. Nf3 c5 2. e4 Nc6 3. d4 cxd4 4. Nxd4 g6 5. c4 Nf6 6. Nc3 d6 7. Be2 Nxd4
8. Qxd4 Bg7 9. Be3 O-O 10. Qd2 Be6 11. O-O Qa5 12. Rac1 Rfc8 13. b3 a6 14.
f3 b5 15. Nd5 Qxd2 16. Bxd2 Nxd5 17. cxd5 Bd4+ 18. Kh1 Bd7 19. Rxc8+ Rxc8
20. Rc1 Rxc1+ 21. Bxc1 f5 22. g4 Kf7 23. Kg2 Kf6 24. Kg3 fxe4 25. fxe4 g5
26. Kf3 Be8 27. Bd2 h6 28. Be1 e6 29. dxe6 Kxe6 30. h4 Bf6 31. hxg5 Bxg5
32. Bc3 Kd7 33. a4 Kc6 34. axb5+ axb5 35. b4 Bf7 36. Bd3 Bb3 1/2-1/2

[Event "BC Masters"]
[Site "Bois Colombes FRA"]
[Date "2003.12.24"]
[Round "4"]
[White "Okhotnik,V"]
[Black "Janev,E"]
[Result "1-0"]
[WhiteElo "2454"]
[BlackElo "2423"]
[EventDate "2003.12.21"]

1. Nf3 Nf6 2. d4 d6 3. Nc3 Nbd7 4. e4 e5 5. Bc4 Be7 6. O-O O-O 7. Re1 c6 8.
a4 a5 9. b3 exd4 10. Nxd4 Nc5 11. Bb2 Be6 12. Nxe6 fxe6 13. e5 Nd5 14. Ne4
dxe5 15. Bxe5 Rf5 16. Bd4 Nxe4 17. Rxe4 Qd7 18. Rg4 Rf7 19. Qe2 Bf6 20. Re1
Re8 21. Bxf6 Rxf6 22. Rh4 Ref8 23. f3 Qd6 24. Qd3 g6 25. Rhe4 Qc5+ 26. Kh1
Kf7 27. Qd2 Re8 28. h4 Kg7 29. f4 Qb6 30. g3 Qc5 31. Re5 Kf7 32. Kg2 Rd8
33. h5 Rd6 34. hxg6+ hxg6 35. Qe2 Qb6 36. Kf3 Qd8 37. Rh1 Qg8 38. Rh6 Kg7
39. Qh2 Ne7 40. Bd3 Rd5 41. Re1 e5 42. Bc4 Nf5 43. Rh3 g5 44. Rh5 Nd4+ 45.
Kf2 Rf5 46. Bxd5 Qxd5 47. Rh7+ Kf8 48. Rh8+ Ke7 49. Qh7+ 1-0

[Event "BC Masters"]
[Site "Bois Colombes FRA"]
[Date "2003.12.24"]
[Round "4"]
[White "Todorov,T"]
[Black "Shoker,S"]
[Result "1/2-1/2"]
[WhiteElo "2472"]
[BlackElo "2273"]
[EventDate "2003.12.21"]

1. e4 g6 2. d4 Bg7 3. Nf3 d6 4. Bc4 Nc6 5. O-O e5 6. dxe5 dxe5 7. Nc3 Qxd1
8. Rxd1 Bg4 9. Nd5 O-O-O 10. Bg5 f6 11. Be3 f5 12. h3 Bh5 13. exf5 gxf5 14.
Nb4 Rd6 15. Rxd6 cxd6 16. Be6+ Kb8 17. Nxc6+ bxc6 18. Bxf5 Ne7 19. Bg4 Bg6
20. c4 Nf5 21. Bxf5 Bxf5 22. Rd1 Rd8 23. Ng5 Rd7 24. g4 Bc2 25. Rd2 Bb1 26.
Ne6 Bf6 27. g5 Be7 28. Nc5 Rd8 29. Nd3 Rg8 30. h4 h6 31. f4 exf4 32. Bxf4
hxg5 33. hxg5 Bxg5 34. Rg2 Bxd3 35. Rxg5 Rxg5+ 36. Bxg5 Bxc4 37. a3 Kc7 38.
Kf2 1/2-1/2

[Event "BC Masters"]
[Site "Bois Colombes FRA"]
[Date "2003.12.26"]
[Round "5"]
[White "Shoker,S"]
[Black "Afek,Y"]
[Result "1-0"]
[WhiteElo "2273"]
[BlackElo "2376"]
[EventDate "2003.12.21"]

1. c4 Nf6 2. g3 g6 3. Bg2 Bg7 4. Nc3 O-O 5. Rb1 a5 6. a3 c6 7. Nf3 d5 8.
cxd5 cxd5 9. d3 d4 10. Nb5 Nc6 11. O-O a4 12. b3 axb3 13. Qxb3 e5 14. a4
Be6 15. Qc2 Re8 16. Ba3 Bf8 17. Bxf8 Rxf8 18. Ng5 Bd5 19. Bxd5 Nxd5 20. Ne4
Qa5 21. Nbd6 Ncb4 22. Qc1 Qxa4 23. Qh6 f6 24. Rfc1 Qd7 25. Rc4 b5 26. Rcxb4
Nxb4 27. Rxb4 Rab8 28. f4 f5 29. Ng5 exf4 30. gxf4 Qe7 31. Kf1 Ra8 32. Rb2
b4 33. Nc4 Rfe8 34. Ne5 Ra7 35. Nef7 Ra1+ 36. Kg2 Qe3 37. Qxh7+ Kf8 38.
Qh8+ Ke7 39. Qe5+ Kf8 40. Qxe3 Rxe3 41. Ne5 Ke8 42. Kf2 b3 43. Rxb3 Ra2 44.
Rb8+ Ke7 45. Nc6+ Kd7 46. Nxd4 Rxd3 47. Ngf3 Rd1 48. Rg8 Ra6 49. Ne5+ Kc7
50. Nb5+ Kb7 51. Rg7+ Kb8 52. Nd7+ Kc8 53. Nc5 Rb6 54. Nc3 Rd8 55. Ra7 Kb8
56. Rd7 Rh8 57. Nd5 Rb2 58. Kg3 Rc8 59. Na6+ Ka8 60. Nab4 Kb8 61. Kh4 Rc4
62. Kg5 Rbxb4 63. Nxb4 Rxb4 64. h4 Re4 65. Kxg6 Rxe2 66. h5 Kc8 67. Rh7 Kd8
68. h6 Ke8 69. Ra7 Rg2+ 70. Kf6 1-0

[Event "BC Masters"]
[Site "Bois Colombes FRA"]
[Date "2003.12.26"]
[Round "5"]
[White "Janev,E"]
[Black "Todorov,T"]
[Result "0-1"]
[WhiteElo "2423"]
[BlackElo "2472"]
[EventDate "2003.12.21"]

1. e4 g6 2. d4 Bg7 3. Nc3 d6 4. Be3 c6 5. Qd2 b5 6. O-O-O Nd7 7. h4 Qa5 8.
Kb1 Nb6 9. Bd3 h5 10. Nh3 Nf6 11. f3 Bxh3 12. Rxh3 Nfd7 13. f4 b4 14. Ne2
c5 15. dxc5 Nxc5 16. Bd4 e5 17. fxe5 dxe5 18. Bxc5 Qxc5 19. Nc1 O-O 20. Qe2
Nd7 21. g4 hxg4 22. Qxg4 Nf6 23. Qf3 Nh5 24. Ne2 a5 25. Ng3 Nf4 26. Rh2 a4
27. h5 a3 28. hxg6 fxg6 29. b3 Nd5 30. Nf5 Nc3+ 31. Kc1 Nxa2+ 32. Kd2 Rad8
33. Ke1 0-1

[Event "BC Masters"]
[Site "Bois Colombes FRA"]
[Date "2003.12.26"]
[Round "5"]
[White "Wirig,A"]
[Black "Okhotnik,V"]
[Result "0-1"]
[WhiteElo "2424"]
[BlackElo "2454"]
[EventDate "2003.12.21"]

1. c4 e6 2. g3 f5 3. Bg2 Nf6 4. Nf3 Be7 5. O-O d6 6. d4 O-O 7. Nbd2 Nc6 8.
Qb3 a5 9. a3 a4 10. Qc3 Qe8 11. Re1 Qg6 12. b4 axb3 13. Nxb3 Ne4 14. Qc2
Bf6 15. Bb2 e5 16. c5 Be6 17. Red1 Qf7 18. Nbd2 exd4 19. cxd6 Nxd6 20. Qd3
Rfd8 21. Rac1 Ra4 22. Rc5 Nc4 23. Nxc4 Rxc4 24. Rc1 Rxc1+ 25. Bxc1 Qe7 26.
Rb5 b6 27. h4 Na7 28. Rb1 h6 29. Bf4 b5 30. Qd2 Bc4 31. Bh3 d3 32. exd3
Rxd3 33. Qa5 Rxa3 34. Qxc7 Qxc7 35. Bxc7 Rxf3 36. Bb6 Nc8 37. Be3 Bxh4 38.
Kg2 Bd5 39. Rxb5 Be4 40. Kg1 Bxg3 41. Bg2 Rxe3 42. fxe3 Nd6 43. Rc5 Kf7 44.
Bxe4 fxe4 45. Kg2 Bh4 46. Rc7+ Kf6 47. Rd7 Nf5 48. Kh3 Bg5 49. Ra7 Nxe3 50.
Ra5 h5 51. Kg3 Nf5+ 52. Kg2 Bh6 53. Kf2 Kg5 54. Kg2 Kf4 55. Ra4 g5 56. Kf2
g4 57. Kg2 h4 0-1

[Event "BC Masters"]
[Site "Bois Colombes FRA"]
[Date "2003.12.26"]
[Round "5"]
[White "Apicella,M"]
[Black "Bernard,V"]
[Result "1-0"]
[WhiteElo "2542"]
[BlackElo "2278"]
[EventDate "2003.12.21"]

1. e4 c6 2. d4 d5 3. e5 c5 4. dxc5 Nc6 5. Bb5 e6 6. Qg4 Qc7 7. Nf3 f5 8.
Qd4 Bd7 9. Bxc6 Qxc6 10. Be3 f4 11. Qxf4 Bxc5 12. Bxc5 Qxc5 13. c3 Ne7 14.
Nbd2 Ng6 15. Qd4 Qb5 16. O-O-O O-O 17. g3 Qa6 18. Kb1 Bb5 19. Ne1 Ne7 20.
Nb3 Nc6 21. Qe3 Bc4 22. Nc2 Bxb3 23. axb3 Qb5 24. Nd4 Nxd4 25. Rxd4 a5 26.
c4 dxc4 27. bxc4 Qc6 28. Rhd1 a4 29. Qa3 b5 30. Qd6 Qe8 31. cxb5 Qg6+ 32.
R1d3 Rxf2 33. b6 a3 34. bxa3 Raf8 35. b7 Rf1+ 36. Kb2 R8f2+ 37. Kc3 Rc1+
38. Kb4 Rb1+ 39. Rb3 Rxb3+ 40. Kxb3 Rf3+ 41. Kb2 Rf2+ 42. Rd2 Rxd2+ 43.
Qxd2 Qe8 44. Ka2 Qb5 45. Qd8+ Kf7 46. Qc7+ Kg6 47. b8=Q Qd5+ 48. Qb3 1-0

[Event "BC Masters"]
[Site "Bois Colombes FRA"]
[Date "2003.12.27"]
[Round "6"]
[White "Afek,Y"]
[Black "Rainfray,A"]
[Result "0-1"]
[WhiteElo "2376"]
[BlackElo "2409"]
[EventDate "2003.12.21"]

1. e4 e5 2. Nf3 Nc6 3. d4 exd4 4. Nxd4 Nf6 5. Nc3 Bb4 6. Nxc6 bxc6 7. Bd3
d5 8. exd5 cxd5 9. O-O O-O 10. Bg5 c6 11. Ne2 h6 12. Bh4 Bd6 13. Nd4 c5 14.
Nb5 Be7 15. c4 Bb7 16. Nc3 d4 17. Bxf6 Bxf6 18. Ne4 Be7 19. Qh5 Qb6 20.
Rae1 Rae8 21. b3 Qc6 22. f3 Bc8 23. f4 Bb7 24. Rf3 f5 25. Ng3 Qf6 26. Rf2
g6 27. Qxh6 Bd8 28. Re5 Rxe5 29. fxe5 Qg5 30. Qxg5 Bxg5 31. Nf1 Be4 32.
Bxe4 fxe4 33. Rxf8+ Kxf8 34. Ng3 e3 35. Kf1 d3 36. Ne4 Be7 37. Nc3 Bd8 38.
Nd5 e2+ 39. Kf2 Ba5 40. b4 cxb4 0-1

[Event "BC Masters"]
[Site "Bois Colombes FRA"]
[Date "2003.12.27"]
[Round "6"]
[White "Bernard,V"]
[Black "Marcelin,C"]
[Result "0-1"]
[WhiteElo "2278"]
[BlackElo "2473"]
[EventDate "2003.12.21"]

1. Nf3 Nf6 2. c4 e6 3. g3 d5 4. Bg2 dxc4 5. Qa4+ c6 6. Qxc4 b5 7. Qc2 Bb7
8. O-O c5 9. d3 Nbd7 10. a4 a6 11. Na3 Qb6 12. Bd2 Bd5 13. axb5 axb5 14.
Qb1 Be7 15. b4 O-O 16. Be3 Qb7 17. bxc5 Nxc5 18. Nc2 Nxd3 19. Rxa8 Rxa8 20.
exd3 Bxf3 21. Bxf3 Qxf3 22. Qxb5 Nd5 23. Qb7 Re8 24. Nd4 Qh5 25. Rc1 h6 26.
Qd7 Rf8 27. Rc8 Qd1+ 28. Kg2 Qxd3 29. Rxf8+ Bxf8 30. Kf3 Qd1+ 31. Kg2 Nxe3+
32. fxe3 e5 0-1

[Event "BC Masters"]
[Site "Bois Colombes FRA"]
[Date "2003.12.27"]
[Round "6"]
[White "Todorov,T"]
[Black "Wirig,A"]
[Result "0-1"]
[WhiteElo "2472"]
[BlackElo "2424"]
[EventDate "2003.12.21"]

1. e4 c5 2. b3 d5 3. exd5 Qxd5 4. Bb2 Qe4+ 5. Ne2 Bf5 6. Nbc3 Qxc2 7. Qxc2
Bxc2 8. d3 Bxd3 9. O-O-O c4 10. bxc4 Bxc4 11. Rd4 b5 12. Nd5 Na6 13. Ne3
Nf6 14. Nxc4 bxc4 15. Nc3 e5 16. Rxc4 Be7 17. g4 O-O 18. g5 Nd7 19. h4 Nac5
20. Nd5 Bd6 21. Ne3 Rfc8 22. Bg2 Nd3+ 23. Kc2 Nxb2 24. Rxc8+ Rxc8+ 25. Kxb2
Bc5 26. Rd1 Bd4+ 27. Kb3 Nc5+ 28. Ka3 Rb8 29. Nc4 Ne6 30. Ka4 Nc5+ 31. Ka3
a5 32. Bc6 Ne6 33. Rc1 Bxf2 34. Nxe5 Bxh4 35. Rf1 Bxg5 36. Ka4 Nc5+ 37. Ka3
Bf6 38. Nc4 Nd3 39. Be4 Be7+ 40. Ka4 Nc5+ 41. Ka3 Nxe4+ 0-1